000 00529nam a2200229 a 4500
001 nice12345678
003 IN_TiNIC
005 20260116013139.0
008 050524s1993 lona grp 000 0 eng
020 _a
_c100
082 0 0 _a297.4
_bSHA4
100 _aShah, Tahir
245 _aCultural Research
260 _aLondon
_bOctagon Press
_c1993
300 _a278p
500 _aincludes index and biblioraphy
505 2 _aGlossary, Index
700 1 _aShah, Tahir
902 _bSRS
942 _cBK
999 _c9856
_d9856